000 00279nam a22001217a 4500
008 180604b xxu||||| |||| 00| 0 eng d
041 _aeng
080 _a043.3
100 _a0
101 _aARK-BTH
245 _aMuze dhe Galeri për të zhdukur
_cBegisholli,D
942 _2udc
_cBK
999 _c46285
_d46285